000 00246nam a2200109Ia 4500
100 _aYariv Annon
942 _cBK
654 _amechanism
245 _aTheory of Mechanisms & machines
260 _bJohn Wiley
_aNew York
_c1982
546 _aENGLISH
999 _c28910
_d28910